000 00530nam a2200181Ia 4500
999 _c28419
_d28419
003 OSt
005 20210107111027.0
008 190216s9999||||xx |||||||||||||| ||und||
020 _a9788130001104
040 _coclc
082 _a150
_bVEN/S
100 _aVenu, Chelavoor
_96944
245 0 _aSthree Purusha Bandhangalude Porulum Preranayum /
_cChelavoor Venu
260 _bNalanda Publications,
_aThrissur:
_c2004.
300 _a72p
650 _aPsycology
942 _cBK
_2ddc
_h150
_iVEN/S
_k150
_mVEN/S